书目信息 |
| 题名: |
高调处世低调做人全集
|
|
| 作者: | 任英梅 编著 | |
| 分册: | ||
| 出版信息: | 哈尔滨 北方文艺出版社 2007 |
|
| 页数: | 13, 334页 | |
| 开本: | 24cm | |
| 丛书名: | ||
| 单 册: | ||
| 中图分类: | B821-49 | |
| 科图分类: | ||
| 主题词: | 人生哲学--ren sheng zhe xue--通俗读物 | |
| 电子资源: | ||
| ISBN: | 978-7-5317-2145-1 | |
| 000 | 01021nam0 2200241 450 | |
| 001 | 003641441 | |
| 005 | 20081010153044.46 | |
| 010 | @a978-7-5317-2145-1@dCNY35.00 | |
| 100 | @a20070327d2007 em y0chiy0110 ea | |
| 101 | 0 | @achi |
| 102 | @aCN@b230000 | |
| 105 | @ay z 000yy | |
| 200 | 1 | @a高调处世低调做人全集@Agao diao chu shi di diao zuo ren quan ji@f任英梅编著 |
| 210 | @a哈尔滨@c北方文艺出版社@d2007 | |
| 215 | @a13, 334页@d24cm | |
| 312 | @a英文题名为:High-profile manner a low-key | |
| 330 | @a本书从乐观的态度、高远的目标、高效能的方法成就卓越、修炼自我等角度入手,精辟阐述了高调处世,低调做人对于成就辉煌人生的重要意义和积极影响,并结合一些富含哲理的小故事,告诉读者如何在生活、工作和事业中把握好为人处事的尺度与境界,从而让自己从平凡中脱颖而出,收获一个卓越而亮丽的人生。 | |
| 510 | 1 | @aHigh-profile manner a low-key@zeng |
| 606 | 0 | @a人生哲学@Aren sheng zhe xue@j通俗读物 |
| 690 | @aB821-49@v4 | |
| 701 | 0 | @a任英梅@Aren ying mei@4编著 |
| 801 | 0 | @aCN@bNLC@c20081010 |
| 905 | @aZUCC@dB821-49@eR5741 | |
| 高调处世低调做人全集/任英梅编著.-哈尔滨:北方文艺出版社,2007 |
| 13, 334页;24cm |
| ISBN 978-7-5317-2145-1:CNY35.00 |
| 本书从乐观的态度、高远的目标、高效能的方法成就卓越、修炼自我等角度入手,精辟阐述了高调处世,低调做人对于成就辉煌人生的重要意义和积极影响,并结合一些富含哲理的小故事,告诉读者如何在生活、工作和事业中把握好为人处事的尺度与境界,从而让自己从平凡中脱颖而出,收获一个卓越而亮丽的人生。 |
| ● |
| 相关链接 |
|
|
|
正题名:高调处世低调做人全集
索取号:B821-49/R5741
 
预约/预借
| 序号 | 登录号 | 条形码 | 馆藏地/架位号 | 状态 | 备注 |
| 1 | 841817 | 208418176 | 社科库509/509社科库 26排3列2层/ [索取号:B821-49/R5741] | 在馆 | |
| 2 | 841818 | 208418185 | 社科库509/509社科库 26排3列2层/ [索取号:B821-49/R5741] | 在馆 | |
| 3 | 841819 | 208418194 | 社科库509/509社科库 26排3列2层/ [索取号:B821-49/R5741] | 在馆 |